| 000 | 00488nam a2200121Ia 4500 | ||
|---|---|---|---|
| 008 | 220615s9999||||xx |||||||||||||| ||und|| | ||
| 245 | 0 |
_aMaking Futures _bMarginal Notes on Innovation, Design, and Democracy |
|
| 546 | _aEnglish[eng] | ||
| 650 | _apolitics | ||
| 700 | _aEhn, Pelle||Nilsson, Elisabet M.||Topgaard, Richard | ||
| 856 | _uhttps://library.oapen.org/bitstream/20.500.12657/26052/1/1004033.pdf||https://library.oapen.org/bitstream/20.500.12657/26052/1/1004033.pdf | ||
| 942 | _cEB | ||
| 999 |
_c17910 _d17910 |
||